000 00818nam a22002537a 4500
001 BR7375175
003 BR-BrBNA
005 20230928084409.0
007 ta
008 230509b bl.||||| |||| 00| 0 por d
040 _aBR-BrBNA
_bpor
_cBiblioteca Nacional de Agricultura
041 _a(Por)
072 _aE30
_b/G514
090 _ E30 BR7375175
100 1 _aGalvao, O.J.
110 1 _aMinisterio das Relacoes Exteriores, Rio de Janeiro, GB (Brasil)
_97099
245 1 _aO desenvolvimento economico do nordeste [Brasil]
_bO desenvolvimento economico do Brasil e a assistencia tecnica, ciclo de estudos no. 10
260 3 _aRio de Janeiro, GB (Brasil):
_c1955.
300 _a24 p.
650 _aDESENVOLVIMENTO ECONOMICO
650 _aREGIAO NORDESTE
909 _a202309
_bLucia
_c55
_dLucia Elande
942 _cBK
999 _c18675
_d18675